| 000 | 00757nam a2200229 a 4500 | ||
|---|---|---|---|
| 001 | 39044 | ||
| 003 | BD-RjUL | ||
| 005 | 20211209052914.0 | ||
| 008 | 160404s1997 bg ||||e |||| 000 0 ben d | ||
| 020 |
_a9845520030: _cTK.120.00 |
||
| 035 | _a(BD-RjUL)39155 | ||
| 040 |
_aBD-RjUL _bben _dBD-RjUL _cBD-RjUL |
||
| 041 | _aben | ||
| 082 |
_223 _a891.44104 _bFAG 1997. |
||
| 100 |
_aফজল -এ- খোদা _9120520 |
||
| 245 | 1 | 0 |
_aগান / _cফজল -এ- খোদা |
| 260 |
_aঢাকা : _bবাংলাদেশ শিল্পকলা একাডেমী, _c১৯৯৭ |
||
| 300 |
_a২৩৯(১) পৃ. ; _c২১ সেমি. |
||
| 650 |
_aবাংলা গান _9120470 |
||
| 650 |
_aBengali song _9120521 |
||
| 942 |
_2ddc _cBK |
||
| 999 |
_c39044 _d39044 |
||